1426 1022 1182 1483 1482 1842 1318 1685 1281 1771 1847 1581 1180 1460 1283 1073 1106 1916 1731 1580 1362 1493 1455 1961 1533 1561 1938 1109 1276 1466 1014 1269 1635 1410 1584 1579 1412 1627 1250 1604 1319 1162 1306 1375 1841 1141 1380 1977 1596 1381 1376 1126 1031 1656 1341 1064 1425 1917 1499 1313 1132 1195 1866 1528 1557 1642 1870 1723 1521 1182 1639 1521 1475 1795 1729 1313 1563 1375 1680 1891 1813 1170 1299 1583 1271 1682 1012 1974 1641 1461 1877 1232 1283 1868 1510 1199 1290 1003 1263 BCNSPRNW ULIB Ver.6.0+V

เปลี่ยนเป็นภาษาไทย

Change to English
 แสดงรายละเอียดบรรณานุกรม
  กลับหน้าหลัก

Brief Record : Get Marc (ISO 2709) : E-mail record : QR code < ปิดหน้าต่าง
LEADER : 00000nam 2200000uu 4500
001    13399125543
003     ULIB
008    170623s2559||||th 000 0 tha d
024 0  ^a9786167790510
050  0 ^aHQ774.5^bจ7ข 2558
100 0  ^aรศ.ดร.จุฑามาศ โชติบาง
245 00 ^aข้อกำหนดด้านกระบวนการและผลลัพธ์เพื่อเทียบเคียงความสามารถในการพัฒนาศูนย์เด็กเล็ก/^cรศ.ดร.จุฑามาศ โชติบาง
250    ^aพิมพ์ครั้งที่ 3
260    ^aเชียงใหม่:^bGood Work Media,^c2558
300    ^a66หน้า:^eตาราง
650  0 ^aเด็ก-การดูแล
945    ^p50^l0^i25219
945    ^p50^l0^i25220
999    ^aกัณชพร
รายการนี้ยังไม่มีแท็ก
คุณยังไม่ได้ล็อกอิน คุณสามารถมีกิจกรรมร่วมกับเว็บไซต์ได้ แต่ต้องล็อกอินก่อน ::
  ล็อกอิน

รายการสื่อสารสนเทศ

ลำดับที่ ประเภท เลขเรียก/บาร์โค้ด สถานที่ สถานะ
1. หนังสือสำรอง
หนังสือสำรอง
HQ774.5 จ7ข 2558 ฉ.1 
  Barcode: 25219
ห้องสมุดวิทยาเขตนครสวรรค์
►หนังสือทั่วไป:l:General Books
บนชั้น
2. การศึกษาทั่วไป
การศึกษาทั่วไป
HQ774.5 จ7ข 2558 ฉ.2 
  Barcode: 25220
ห้องสมุดวิทยาเขตนครสวรรค์
►หนังสือทั่วไป:l:General Books
บนชั้น

รายการใกล้เคียง
    หัวเรื่อง [เด็ก-การดูแล]

BibComment


ยังไม่เคยถูกคอมเมนท์

คอมเมนท์ทรัพยากรรายการนี้
  คอมเมนท์: ข้อกำหนดด้านกระบ..


 Copyright 2026. Bcnsprnw @Library